Human rights and comparative criminal law (Record no. 17698)

MARC details
000 -LEADER
fixed length control field 00601nam a22002057a 4500
008 - FIXED-LENGTH DATA ELEMENTS--GENERAL INFORMATION
fixed length control field 190525b xxu||||| |||| 00| 0 eng d
020 ## - INTERNATIONAL STANDARD BOOK NUMBER
International Standard Book Number 9384746285
040 ## - CATALOGING SOURCE
Original cataloging agency KABU
Transcribing agency KABU
050 ## - LIBRARY OF CONGRESS CALL NUMBER
Classification number K5165
Item number .C43 2016 c. 1
100 ## - MAIN ENTRY--PERSONAL NAME
Personal name Chatterji, Souvik
245 ## - TITLE STATEMENT
Title Human rights and comparative criminal law
Statement of responsibility, etc. Souvik Chatterji
260 ## - PUBLICATION, DISTRIBUTION, ETC. (IMPRINT)
Place of publication, distribution, etc. Asia
Name of publisher, distributor, etc. Thomson Reuters
Date of publication, distribution, etc. 2016
300 ## - PHYSICAL DESCRIPTION
Extent [xii], 288 p.
650 ## - SUBJECT ADDED ENTRY--TOPICAL TERM
Topical term or geographic name as entry element Criminal law
650 ## - SUBJECT ADDED ENTRY--TOPICAL TERM
Topical term or geographic name as entry element Human rights
650 ## - SUBJECT ADDED ENTRY--TOPICAL TERM
Topical term or geographic name as entry element International crimes
650 ## - SUBJECT ADDED ENTRY--TOPICAL TERM
Topical term or geographic name as entry element International criminal courts
650 ## - SUBJECT ADDED ENTRY--TOPICAL TERM
Topical term or geographic name as entry element Criminal jurisdiction
942 ## - ADDED ENTRY ELEMENTS (KOHA)
Source of classification or shelving scheme Library of Congress Classification
Koha item type General Collection
Classification part K5165
Holdings
Withdrawn status Lost status Source of classification or shelving scheme Not for loan Home library Current library Date acquired Cost, normal purchase price Total Checkouts Full call number Barcode Date last seen Copy number Price effective from Koha item type
    Library of Congress Classification   Kabarak, Main Campus Kabarak, Main Campus 25/05/2019 6610.00   K5165 .C43 2016 c. 1 024689 25/05/2019 c. 1 25/05/2019 General Collection
Designed with assistance from East African Informatics Ltd